Normal view
MARC view
Entry Personal Name
001 - CONTROL NUMBER
- control field: 1237190
003 - CONTROL NUMBER IDENTIFIER
- control field: OSt
005 - DATE AND TIME OF LATEST TRANSACTION
- control field: 20260430150333.0
008 - FIXED-LENGTH DATA ELEMENTS
- fixed length control field: 260430|| aca||aabn | a|a d
040 ## - CATALOGING SOURCE
- Original cataloging agency: OSt
- Transcribing agency: OSt
100 ## - HEADING--PERSONAL NAME
- Personal name: Khurana Sanyyam Au.; Shahi Sudhir A. Gu
670 ## - SOURCE DATA FOUND
- Source citation: Work cat.: (OSt)1849546: Khurana Sanyyam Au.; Shahi Sudhir A. Gu., Essays on the Theory of Auctions the Implications of Perturbing the Standard Model, 2022
